01695nam a2200445 i 4500001000700000003000800007005001700015006001900032007001500051008004100066020002700107035002300134035002400157035002500181035002200206040003100228050002200259080001000281082001400291100003900305245009600344264003700440300004000477336003100517337003300548338004300581490003000624500002200654588012700676590016300803650002700966650002600993650003301019650003901052655002701091797001901118830003101137856006201168999001901230119897FlNmELB20241217175219.0m o d | cr cnu||||||||171107s2016 sp o 001 0 spa d a9781512944525 (e-book) a(MiAaPQ)EBC5045315 a(Au-PeEL)EBL5045315 a(CaPaEBR)ebr11440117 a(OCoLC)1105431000 aFINmELBbspaerdacFINmELB 4aHD38.5bH558 2016 a658.80 a658.72231 aHernández Barrueco, Luis Carlos.10aTécnicas para la gestión financiera en logística /cLuis Carlos Hernández Barrueco. 1aBarcelona :bMarge Books,c2016. a1 recurso en línea (49 páginas) atextobtxt2rdacontent/spa acomputadorabc2rdamedia/spa arecurso en líneabcr2rdacarrier/spa1 aBiblioteca de logística aIncluye índice. aDescripción basada en recurso en línea; Título de la página del título en PDF (e-libro, visto November 7, 2017). aRecurso electrónico. Santa Fe, Arg. : e-libro, 2017. Disponible vía World Wide Web. El acceso puede ser limitado para las bibliotecas afiliadas a e-Libro. 0aIndustrial management. 4aGestión industrial. 0aBusiness logisticsxFinance. 4aLogística empresarialxFinanzas. 4aLibros electrónicos.2 ae-libro, Corp. 0aBiblioteca de logística.40uhttps://elibro.net/ereader/politecnicointernacional/43757 c119897d119897